000 01366nam a2200337 i 4500
001 bg
003 BPK
005 20191028151403.0
008 991116s1982 pl f f |000 0 pol
015 _aPB 1982/7581
040 _aWA N
_cBPK
041 0 _apol
080 _a621
080 _a(083)
080 _a(075.8)
100 1 _aKarpiński, Tadeusz
_d(1936- )
_eAutor
245 1 0 _aMateriały do projektowania procesów technologicznych.
_nCz. 2,
_pNarzędzia /
_cTadeusz Karpiński, Michał Kozłowski.
260 _aKoszalin :
_bWydaw. Uczelniane WSI,
_c1982.
300 _a215 s. ;
_c24 cm.
490 1 _aSkrypty / Wyższa Szkoła Inżynierska w Koszalinie.
504 _aBibliogr. s. 215.
650 4 _aNarzędzia
_xtechnologia
_xprojekty.
655 4 _aTablice i wzory
650 4 _aDokumentacja techniczna
710 2 _aWydawnictwo Uczelniane (Wyższa Szkoła Inżynierska ; Koszalin)
_bWydawnictwo Uczelniane.
_4pbl.
700 1 _aKozłowski, Michał
_c(nauki techniczne)
_eAutor
856 _uhttp://dlibra.tu.koszalin.pl/dlibra/docmetadata?id=55&from=&dirids=1&ver_id=&lp=2&QI=
_yBiblioteka Cyfrowa
830 0 _aSkrypty - Wyższa Szkoła Inżynierska w Koszalinie
942 _2UKD
_cKS
856 _uhttp://koha.tu.koszalin.pl/cgi-bin/koha/opac-detail.pl?biblionumber=35252
_yKatalog online BPK
999 _c35252
_d35252